| 000 | 00441nam a2200193Ia 4500 | ||
|---|---|---|---|
| 003 | 0100 | ||
| 008 | 130303s9999 xx 000 0 und d | ||
| 040 | _cARRUPELIB | ||
| 050 | _aB2779.W32 1975 | ||
| 100 | _aWalsh, W.H | ||
| 245 | _aKant's criticism of metaphysics | ||
| 260 | _aEdinburgh | ||
| 260 | _bEdinburgh University Press | ||
| 260 | _C1975 | ||
| 300 | _a265p. | ||
| 300 | _b 23 cm. | ||
| 650 | _aPHILOSOPHY | ||
| 942 | 0 | 0 | _01 |
| 999 |
_c29580 _d29580 |
||